书目信息 |
| 题名: |
三相鼠笼式单绕组多速电动机
|
|
| 作者: | 濮绍文 , 濮少文 编 | |
| 分册: | ||
| 出版信息: | 上海 上海科学技术出版社 1982 |
|
| 页数: | 385页 | |
| 开本: | 19cm | |
| 丛书名: | ||
| 单 册: | ||
| 中图分类: | TM343 | |
| 科图分类: | ||
| 主题词: | 鼠笼型异步电动机--三相电机 | |
| 电子资源: | ||
| ISBN: | 978-7-5323-0821-7 | |
| 000 | 00714nam0 2200229 450 | |
| 001 | 0182011281 | |
| 005 | 20100713170121.0 | |
| 010 | @a978-7-5323-0821-7@dCNY2.95 | |
| 100 | @a20060905d1982 em y0chiy0121 ea | |
| 101 | 0 | @achi |
| 102 | @aCN@b310000 | |
| 105 | @ay z 000yy | |
| 106 | @ar | |
| 200 | 1 | @a三相鼠笼式单绕组多速电动机@9San Xiang Shu Long Shi Dan;Shan;Chan Rao Zu Duo Su Dian Dong Ji @e原理和改绕计算@f濮绍文, 濮少文编 |
| 210 | @a上海@c上海科学技术出版社@d1982 | |
| 215 | @a385页@d19cm | |
| 606 | 0 | @a鼠笼型异步电动机@x三相电机 |
| 690 | @aTM343@v3 | |
| 701 | 0 | @a濮绍文@9pu shao wen@4编 |
| 701 | 0 | @a濮少文@9pu shao wen@4编 |
| 801 | 0 | @aCN@bAzMarc@c20130904 |
| 905 | @aBZT@dTM343@e1@f2@sTM343/1 | |
| 三相鼠笼式单绕组多速电动机:原理和改绕计算/濮绍文, 濮少文编.-上海:上海科学技术出版社,1982 |
| 385页;19cm |
| ISBN 978-7-5323-0821-7:CNY2.95 |
| ● |
| 相关链接 |
|
|
|
正题名:三相鼠笼式单绕组多速电动机
索取号:TM343/1
 
预约/预借
| 序号 | 登录号 | 条形码 | 馆藏地/架位号 | 状态 | 备注 |
| 1 | 2000116344 | 2000116344 | 旧书回溯/ [索取号:TM343/1] | 在馆 | |
| 2 | 2000116345 | 2000116345 | 旧书回溯/ [索取号:TM343/1] | 在馆 |